Quiz o Polsce od A do Ż - Statystyki

Ogólne statystyki
  • Ten quiz został rozwiązany 52 razy
  • Średni wynik to 16 z 24
Statystyki odpowiedzi
Podpowiedź Odpowiedź % Poprawnych
Polityk który gasił świece w sejmie (nazwisko) Braun
93%
Pianista, uciekł do Francji (nazwisko) Chopin
93%
Imię Sienkiewicza Henryk
93%
Największy port w Polsce Gdańsk
89%
Klub z Warszawy w Ekstraklasie 25/26 Legia
86%
Rzeka na granicy niemieckiej Odra
86%
Jedno z dwóch miast na E, to bliżej morza Elbląg
84%
Imię Konopnickiej Maria
84%
Miasto pierników Toruń
80%
Województwo w centrum Polski Łódzkie
70%
Łódzki klub w Ekstraklasie 25/26 Widzew
68%
Żona Mieszka I Dobrawa
66%
Adrian, chciał zostać prezydentem w 2025 Zandberg
64%
Były trzy, podzieliły Polskę na 3 państwa Rozbiory
61%
Miasto na Półwyspie Helskim Jastarnia
59%
2 najpopularniejsze imię męskie w 2024 Antoni
57%
Pochowany tam Kopernik Frombork
55%
Jedno z memowych miast : Bydgoszcz, Łódź, Radom i Sosnowiec
55%
Siec sklepów convience store, obecnie luksemburska Żabka
52%
Marka polskich samochodów dostawczych do 1994 Nysa
48%
Centrum Polski Piątek
43%
Znany z tężni solankowych Inowrocław
41%
Siedziba GZ Metropolii Katowice
41%
Jest nim m.in. Iwonicz, Świeradów i Rabka Uzdrowisko
41%
Nie znaleziono quizów pasujących do podanych kryteriów
Rozkład punktacji
Procent ludzi z każdym wynikiem
Percentyl według liczby udzielonych odpowiedzi
Twoja historia wyników
Nie rozwiązałeś tego quizu